00718nam a2200217Ii 45000010005000000030009000050080041000140400033000550410008000880840012000961000030001082450026001382640038001643000012002023360026002143370028002403380027002689400050002959990017003459520138003629748CO-ViMGA241108s9999||||xx |||||||||||||| ||und|| aCO-ViMGAbspaerdacCO-ViMGA0 aspa aC LOB3t1 aAlfonso Lobo Amaya94446110aLa tortuga desdentada 1aBogotá, Colombia : Edilux, 1987 avolumen atextbtxt2rdacontent aunmediatedbn2rdamedia avolumebnc2rdacarrier aidficha_siabuc: 9532. -- ficha_no_siabuc:9748 c38919d38919 001040708InfPoTiaMEVIGERRbMEVIGERRcSInfd2006-11-27oC LOB3tpECA10266r2024-11-25 15:05:41tEj.1w2024-11-25yBKz9532 | 13083